Datum a čas kvízu
28.5
Celkem bodů
Celkový počet nahraných bodů na tomto kvízu bez doplňovacích otázek.
3.
Pořadí na kvízu
Konečné umístění týmu na tomto kvízu.
Zaznamenané odpovědi
| # | Otázka | Odpověď | Body | Výsledky |
|---|---|---|---|---|
| 1. | První Češka v historii pronikl... | Věra Jourová | 1 | |
| 2. | Parlament jednoho evropského s... | o Řecku | 1 | |
| 3. | Na konci dubna začne režisér D... | Martha Issová | 0 | |
| 4. | Známé francouzské herní studio... | Ubisoft | 1 | |
| 5. | Jak se jmenuje domovské město... | Banská Bystrica | 0 | |
| 6. | V pondělí v podvečer zachvátil... | svatý Ludvík (Louis) | 0 | |
| 7. | Největší a nejznámější knihovn... | Alexandrie | 1 | |
| 8. | Město, ke kterému odkazuje tat... | Drážďany | 1 | |
| 9. | Stavba Národního divadla v Pra... | František Josef I. | 0 | |
| 10. | Více než padesát metrů a skoro... | v Afghánistánu | 0 |